000 00549nam a2200181Ia 4500
008 090124s9999 xx 000 0 und d
082 _b106753
100 _aसरदेसाई लक्ष्मणराव
245 _a जगा वेगळा
250 _a1
260 _c1958
300 _a127
600 _aसरदेसाई लक्ष्मणराव
630 _a जगा वेगळा
700 _aसरदेसाई लक्ष्मणराव
730 _a जगा वेगळा
942 _cBOOK
999 _c152844
_d152844